000 00789nam a2200253Ia 4500
003 OSt
005 20220918105753.0
006 a|||||r|||| 00| 0
007 ta
008 220915b |||||||| |||| 00| 0 eng d
020 _a9789380565613 (hbk)
_c950
024 _a22,705
037 _b224, 16/11/2015, Eastern Book Linkers
_cReference Collections
040 _aARTS
_cARTS
_beng
041 _2eng
_aeng
082 _aR6g, Q5(RR)
100 _aSivasai Ch. Venkata
_93835
245 0 _aHandbook for an indian philosophy
260 _aDelhi
_bPrashant Publishing House India
_c2015
300 _a282p.
650 _aPHILOSOPHY
942 _hR6g, Q5(RR)
_cREF
999 _c109379
_d109379